000
00298nam a22001217a 4500
008
180130b xxu||||| |||| 00| 0 eng d
041
_a
eng
080
_a
61
100
_a
3
101
_a
SHM
245
_a
Social work in health care: a guide to professional practice
_c
Bracht,N,F
942
_2
udc
_c
BK
999
_c
41289
_d
41289